Регионална библиотека "Любен Каравелов" - Русе

Голямото приключение на малкото бухалче (Запис номер 160593)

MARC детайли
000 -Лидер
Контролно поле с фиксирана дължина 01625nam a2200373 c 4500
003 - Код на организацията, давaща контролен номер
Контролно поле BLK
005 - Дата и час на последна редакция
Контролно поле 20250605182557.0
008 - Елементи от данни с фиксирана дължина
fixed length control field 180410b bul|||||r ||||||| ||bul||
010 ## - Наследен системен номер
LC control number KNG00167874000
040 ## - Източник на каталожния запис
Идентификатор на билиотеката - собственик на записа BLK
041 ## - Код за език
Код за езика на текст/звукозапис или на отделно заглавие Български
Код за езика КДБФ Български
072 #7 - Код за тематичната категория
Код организация bullib
Код за тематична категория Н83
Текст Чужда художествена литература Н
080 ## - УДК
Текстов определител УДК Английска литература
УДК код - определител по УДК 821.111
УДК определител -93-34
УДК - код + определител 821.111-93-34
139 ## - Редно поле
Редна дума Чайлд, Джеръми
Авторски знак Чаиков - Ч 16
245 10 - Сведения за заглавието
Заглавие Голямото приключение на малкото бухалче
Редно поле (дума) по идея на Джеръми Чайлд; ил. Джилиан Робъртс.
257 ## - Страна на издаване
Страна на създаване/издаване Великобритания
260 ## - Област на издателските данни
-- София
Име на издателя, разпространителя и проч. Фют
Година на издаване 2012
Печатница отпеч. в Китай
300 ## - Физическа характеристика
Страници 8 с.
Илюстрации и др. с цв. ил.
Размери/Мащаб 18 см
380 ## - Жанр
Жанр Детска худож. лит.
490 1# - СЕРИИ (Колекции)
Име на серия Завъртете колелото и ще се запознаете с приятелите на....
500 ## - Общи забележки
Забележка Кор. опис. - Без сведение за ориг. загл. - Отпеч. на ламиниран картон с нестандартна форма.
653 ## - Ключова дума – ненормативна
Ключова дума книги-игри
653 ## - Ключова дума – ненормативна
Ключова дума литература за деца
653 ## - Ключова дума – ненормативна
Ключова дума детска литература
659 ## - Тематичен бюлетин
Тематичен бюлетин Н
700 1# - Други автори (авторска отговорност)
Лично име Чайлд, Джеръми
Автороска отговорност (Описва отношението между автора и произведението) по идея на
9 (RLIN) 334884
700 1# - Други автори (авторска отговорност)
Лично име Робъртс, Джилиан
Автороска отговорност (Описва отношението между автора и произведението) ил.
9 (RLIN) 334885
852 ## - Местоположение
Форматна сигнатура Цб І 36501
856 4# - Електронен адрес и достъп
Електронен формат pdf - файл
Път до файла /url/
856 4# - Електронен адрес и достъп
Електронен формат pdf - файл
Път до файла /url/
942 ## - АРТИКУЛИ
Вид на библиотечния материал Книги
Скрит в OPAC Не
Koha issues (borrowed), all copies 15
944 ## - СЪЗДАВАНЕ И РЕДАКЦИЯ на ЗАПИСА
Създаване/Редакция Създаване
Дата на регистрацията/редакция 27.11.2014
Статус, дата на статуса Бояна Костадинова
Служител, извършил регистрацията/редакцията 30551
944 ## - СЪЗДАВАНЕ И РЕДАКЦИЯ на ЗАПИСА
Създаване/Редакция Редакция
Дата на регистрацията/редакция 24.01.2015
Статус, дата на статуса ф /
Служител, извършил регистрацията/редакцията Людмила_Стоянова
999 ## - СИСТЕМНИ КОНТРОЛНИ НОМЕРА
Koha biblionumber 160593
Koha biblioitemnumber 160593
Наличности
Код за отписване Код за изгубен артикул Източник на класификационната схема Код за повреда Коз за рестрикции Код за отдаване Артикулен № Име на библиотеката - собственик Име на библиотеката, в която се намира в момента Статус (Текущо местоположение) Дата на вписване в системата Местоположение - отдел Цена в лева Инвентарен номер Систематично азбучна сигнатура Баркод Номер на екземпляра Цена в евро Служебна бележка Служебен тип на артикула
  Не е изгубен Universal Decimal Classification Не е повреден без рестрикции заемане за дома 268490 Регионална библиотека "Любен Каравелов" Русе Регионална библиотека "Любен Каравелов" Русе Детски отдел 2014-11-29 Детски отдел 6.90 120000783233 ДХ 820/899/Ч 16 120000783233 1 3.53 Дост: Pk Вид: Ф N: 418 Дата: 22.11.2014 Дата инв: 20.08.2015 Бележки инв: Д2015 Книги
Vip Innovations Ltd, Rousse, Bulgaria 2025